A man of the people

Saved in:
Bibliographic Details
Main Author: ACHEBE, Chinua
Format: Book
Language:English
Published: Heineman 1966
Tags: Add Tag
No Tags, Be the first to tag this record!

MARC

LEADER 00000nam a22000007a 4500
008 201208b ||||| |||| 00| 0 eng d
020 |a 978-0-435-905347 
100 |a ACHEBE, Chinua 
245 |a A man of the people  |c Chinua Achebe  |e African writers series  |g 149p.  
250 |b 2nd ed 
260 |b Heineman  |c 1966  |h England  |i 681047  |i  681048  |l PR9387.9 .Ac4M31  |m Title  |m Series. 
942 |a lcc  |c BK  |e ADEYEYE Y. S.  |f 8/12/2020 
952 |0 0  |1 0  |2 lcc  |4 0  |7 0  |9 230  |a HOL  |b ART  |d 2020-12-08  |o PR9387.9 .Ac4M31  |p 2020-0171  |r 2020-12-08 00:00:00  |w 2020-12-08  |y BK 
952 |0 0  |1 0  |2 lcc  |4 0  |7 0  |9 231  |a HOL  |b HOL  |d 2020-12-08  |o PR9387.9 .Ac4M31  |p 2020-0172  |r 2020-12-08 00:00:00  |w 2020-12-08  |y BK 
999 |c 88  |d 88